NFL Washington Commanders 2021-2022 Active Roster - Statistics

General Stats
  • This quiz has been taken 127 times
    112 since last reset
  • The average score is 30 of 77
Answer Stats
Hint Answer % Correct
QB Taylor Heinicke
95%
WR Terry McLaurin
92%
RB Antonio Gibson
89%
QB Kyle Allen
89%
DT Johnathan Allen
88%
DE Chase Young
86%
TE Logan Thomas
85%
WR Curtis Samuel
77%
Head Coach Ron Rivera
75%
RB JD Mckissic
71%
QB Ryan Fitzpatrick
71%
DE Montez Sweat
70%
CB Kendall Fuller
65%
DT Daron Payne
63%
WR Cam Sims
62%
DE James Smith-Williams
58%
P Tress Way
57%
ILB Jamin Davis
54%
K Joey Slye
53%
TE John Bates
53%
RB Jonathan Williams
53%
WR Dyami Brown
52%
CB Danny Johnson
51%
RB Jaret Patterson
51%
TE Ricky Seals-Jones
51%
FS Kamren Curl
50%
G Brandon Scherff
49%
SS Landon Collins
49%
K Brian Johnson
48%
CB William Jackson
48%
OLB Cole Holcomb
47%
Defensive Cord Jack Del Rio
43%
Offensive Cord Scott Turner
43%
CB Benjamin St Juste
41%
T Sam Cosmi
41%
T Charles Leno
39%
WR Dax Milne
39%
WR Adam Humphries
38%
QB Garrett Gilbert
38%
LS Camaron Cheeseman
36%
C Chase Roullier
36%
OLB Jon Bostic
34%
FS Bobby McCain
32%
C Tyler Larsen
30%
T Cornelius Lucas
29%
G Ereck Flowers
28%
DE Shaka Toney
28%
OLB David Mayo
27%
FS Jeremy Reaves
27%
SS Darrick Forrest
26%
DE Casey Toohill
25%
DT Matt Ioannidis
25%
TE Sammis Reyes
25%
G Wes Schweitzer
25%
T Saahdiq Charles
24%
WR DeAndre Carter
23%
SS DeShazor Everett
23%
DT Tim Settle
23%
CB Troy Apke
20%
DE William Bradley-King
20%
C Keith Ismael
15%
DE Daniel Wise
14%
ILB Khaleke Hudson
14%
CB Corn Elder
13%
OLB De'Jon Harris
11%
OLB Milo Eifler
11%
CB Darryl Roberts
10%
Special Teams Cord Nate Kaczor
10%
DE Bunmi Rotimi
9%
CB Torry McTyer
8%
C Jon Toth
7%
DE Nate Orchard
7%
OLB Jared Norris
5%
ILB Jordan Kunaszyk
4%
G Jamil Douglas
3%
TE Dylan Cantrell
1%
DE Jalen Jelks
1%
No matching quizzes found
Score Distribution
Percent of People with Each Score
Percentile by Number Answered
Your Score History
You have not taken this quiz since the last reset